Poor places, Thriving People : (Record no. 16553)
[ view plain ]
| 000 -الفاتح | |
|---|---|
| حقل البيانات ثابتة الطول | 01260nam a22002297a 4500 |
| 008 - عناصر البيانات ثابتة الطول - معلومات عامة | |
| حقل البيانات ثابتة الطول | 120307s2011 wau|||||r|||| 001 0 eng d |
| 020 ## - الرقم الدولى المعيارى للكتب | |
| الرقم الدولى المعيارى للكتاب | 9780821383216 |
| 082 ## - رقم تصنيف ديوى العشرى | |
| رقم التصنيف | 339.460956 |
| رقم المادة | POO |
| 245 ## - بيان العنوان | |
| العنوان | Poor places, Thriving People : |
| بقية العنوان | How the Middle East and North Africa can Rise above Spatial Disparities / |
| بيان المسئوليه,etc | World Bank |
| 260 ## - PUBLICATION, DISTRIBUTION, ETC. (IMPRINT) | |
| مكان الناشر او الموزع | Washington, D.C. : |
| اسم الناشر او الموزع | The World Bank, |
| تاريخ النشر أو التوزيع | 2011 |
| 300 ## - الوصف المادى | |
| التعداد | 363 p. : |
| تفاصيل ماديه اخرى للوعاء | ill. (some col.) ; |
| أبعاد الوعاء | 26 cm. |
| 490 ## - بيان السلسلة | |
| -- | 29247 |
| عنوان السلسلة | MENA Development Report |
| 650 ## - المدخل الاضافى بالموضوع-مصطلح موضوعى | |
| 9 (RLIN) | 29250 |
| مصطلح موضوعي أو اسم جغرافي كعنصر مدخل | Industrial location |
| التقسيم الفرعي الجغرافي | Middle East. |
| 650 ## - المدخل الاضافى بالموضوع-مصطلح موضوعى | |
| 9 (RLIN) | 29251 |
| مصطلح موضوعي أو اسم جغرافي كعنصر مدخل | Industrial locations |
| التقسيم الفرعي الجغرافي | Africa, North |
| 651 ## - المدخل الاضافى بالموضوع - اسم جغرافى | |
| 9 (RLIN) | 29248 |
| الاسم الجغرافي | Middle East |
| التقسيم الفرعي العام | Economic conditions |
| -- | Regional disparities. |
| 651 ## - المدخل الاضافى بالموضوع - اسم جغرافى | |
| 9 (RLIN) | 29249 |
| الاسم الجغرافي | Africa, North |
| التقسيم الفرعي العام | Economic conditions |
| -- | Regional disparities |
| 653 ## - مصطلح تكشيفى غير مقيد | |
| Resource For college | |
| Arrived date list | March2012 |
| 942 ## - عناصر المدخل الإضافي( كوها) | |
| مصدر التصنيف او مخطط الترفيف | Dewey Decimal Classification |
| Koha [default] item type | Book - Borrowing |
| حالة التراجع | حالة الفقد | مصدر التصنيف او خطة الترفيف | حالة تلف | ليس للاعارة | مجموعات كوها | المكان الدائم | المكان الحالي | موقع الترفيف | تاريخ الاكتساب | Source of acquisition | رقم الاستدعاء | الباركود | Date last seen | مُعار | نوع الوعاء |
|---|---|---|---|---|---|---|---|---|---|---|---|---|---|---|---|
| Dewey Decimal Classification | Baccah | Central Library | Central Library | First floor | 07/03/2012 | 339.460956 POO | 000025924 | 15/07/2025 | 07/03/2012 | Book - Borrowing | |||||
| Dewey Decimal Classification | Baccah | Central Library | Central Library | First floor | 22/03/2012 | Purchase | 339.460956 POO | 000026516 | 15/07/2025 | 13/11/2013 | Book - Borrowing | ||||
| Dewey Decimal Classification | Baccah | Central Library | Central Library | First floor | 22/03/2012 | Purchase | 339.460956 POO | 000026517 | 15/07/2025 | Book - Borrowing |